Kendrick Lamar - All Billboard Chart Toppers - Statistics

General Stats
  • This quiz has been taken 18 times
  • The average score is 5 of 6
Answer Stats
Album Release Year Answer % Correct
DAMN. 2017 HUMBLE.
93%
GNX 2024 luther
93%
(Single) 2024 Not Like Us
93%
[WE DON’T TRUST YOU] 2024 Like That
73%
GNX 2024 squabble up
73%
[1989] 2015 Bad Blood
60%
No matching quizzes found
Score Distribution
Percent of People with Each Score
Percentile by Number Answered
Your Score History
You have not taken this quiz